Przyboś czyta Norwida

Titel: Przyboś czyta Norwida / Małgorzata Rygielska
Verfasser:
Ausgabe: Wyd. 1
Veröffentlicht: Katowice : Wydawn. Uniw. Śląskiego, 2012
Umfang: 186 S.
Format: Buch
Sprache: Polnisch
Schriftenreihe/
mehrbändiges Werk:
Prace naukowe Uniwersytetu Śląskiego w Katowicach ; 2922 : Studia o kulturze
Schlagworte:
ISBN: 9788322620663
Buchumschlag
X
Lokale Klassifikation: 32 10 E ; 2 P 700 ; 2 N 7
alg: 32041830
001A    $03019:10-04-13 
001B    $06055:06-03-26 $t18:47:14.000 
001C    $03019:10-04-13 $t14:24:51.000 
001D    $03019:10-04-13 
001U    $0utf8 
001X    $00 
002@    $0Aau 
003@    $0320418308 
003O    $0848265734 $aOCoLC 
004A    $A978-83-226-2066-3 
007A    $0320418308 $aHEB 
010@    $apol 
011@    $a2012 
021A    $aPrzyboś czyta Norwida $hMałgorzata Rygielska 
028A    $7 $8Rygielska, Małgorzata [Tnu] $9320418073 
032@    $aWyd. 1 
033A    $pKatowice $nWydawn. Uniw. Śląskiego 
034D    $a186 S. 
036E    $aPrace naukowe Uniwersytetu Śląskiego w Katowicach $l2922 : Studia o kulturze 
036F    $x42922 $8Prace naukowe Uniwersytetu Śla̜skiego w Katowicach $9005325994 $l2922 
037A    $aLiteraturverz. S. [159] - 173 
044K    $#Przyboś, J. $#Przyboś, Juljan $D20251120 $Ecgmnf $7118922904 $8Przyboś, Julian$Z1901-1970 [Tp1] $9087263289 
044K    $#Norwid, Cyprian $#Norwid, Cyprian Kamil $#Norwid, Cyprian K. $#Norwid, Cyprjan K. $#Norwid, Cyprjan $#Norwid, C. K. $#Norvid, T︠S︡iprian $#Norvid, Ciprian $#Norwid, Cyprien Camille $#Norwid, C.K. $#Norwid, Kamil Cyprian $#Norvid, Tsiprian $#Norwid, Cyprian Kamil $#Norwid, Cyprien $D20251120 $Ecgmnf $7118588753 $8Norwid, Cyprian$Z1821-1883 [Tp1] $9086929763 
045F    $a809 $eDDC23BSB 
045F/01 $a809 
045F/03 $g438 

lok: 32041830 24
101B    $017-09-13 $t14:12:36.000 
101C    $017-09-13 
101U    $0utf8 
145Z/01 $a32 10 E 
145Z/02 $a2 P 700 
145Z/03 $a2 N 7 

exp: 32041830 24 1 #EPN
201B/01 $017-09-13 $t14:12:36.000 
201C/01 $013-09-13 
201U/01 $0utf8 
203@/01 $0710240961 
208@/01 $a17-09-13 $bz 
209A/01 $a13.06281 $du $f050 $h13 06281 $x00 
209C/01 $a13.06281 T $h13 06281 T 
209G/01 $a73261945 $x00 
220C/01 $ajwa 
244Z/01 $#Przyboś, J. $#Przyboś, Juljan $7118922904 $8--Tp1--Przyboś, Julian$Z1901-1970 $x01 $9087263289 
244Z/01 $#Norwid, Cyprian $#Norwid, Cyprian Kamil $#Norwid, Cyprian K. $#Norwid, Cyprjan K. $#Norwid, Cyprjan $#Norwid, C. K. $#Norvid, T︠S︡iprian $#Norvid, Ciprian $#Norwid, Cyprien Camille $#Norwid, C.K. $#Norwid, Kamil Cyprian $#Norvid, Tsiprian $#Norwid, Cyprian Kamil $#Norwid, Cyprien $7118588753 $8--Tp1--Norwid, Cyprian$Z1821-1883 $x02 $9086929763 
247C/01 $8358050-7 Marburg, Bibliothek des Herder-Instituts Marburg $9102600961 

lok: 32041830 66

exp: 32041830 66 1 #EPN
201B/01 $010-04-13 $t14:24:51.000 
201C/01 $010-04-13 
201U/01 $0utf8 
203@/01 $0673252388 
208@/01 $a10-04-13 $bz 
209A/01 $aD 2 Nor/R $du $f000 $x00 
209C/01 $a13/d468TUŚ 
247C/01 $8618123-5 Darmstadt, Bibliothek des Deutschen Polen-Instituts $9102600902 

lok: 32041830 78

exp: 32041830 78 1 #EPN
201B/01 $019-03-19 $t17:36:41.000 
201C/01 $019-03-19 
201U/01 $0utf8 
203@/01 $0104849750X 
208@/01 $a19-03-19 $be 
209A/01 $a/ $f000 $x00 
209A/01 $ab*p $x01 
220C/01 $apgar 
244Z/01 $#Generalgouvernement Polen $#Polska $#Rzeczpospolita Polska $#Polska Rzeczpospolita Ludowa $#Poland $#Pologne $#République Polonaise $#Generalne Gubernatorstwo w Polsce $#Polish People's Republic $#Polska Rzeczpospolita Polen $#PRL $#RP $#Polen Generalgouvernement $#Polska Generalgouvernement $#Besetzte Polnische Gebiete $#Besetztes Gebiet in Polen $#Okupowane Polskie Obszary $#Obszary Okupowane w Polsce $#Volksrepublik Polen $#Polska Rosyjska $#Republic Polen $#Respublika Pol'ša $#Pol'skaja Narodnaja Respublika $#République de Pologne $#Polen Links der Weichsel $#Polska po Lewej Stronie Wisły $#Lenkija $#Polija $#Gubernija Carstva Pol'skago $#Republik Polen $74046496-9 $8--Tg1--Polen $x01 $9085129801 
247C/01 $82080>Marburg/Lahn, Herder-Institut, Forschungsbibliothek, Bibliographieportal $9336309341
LEADER 00000cam a2200000 c 4500
001 320418308
003 DE-603
005 20260306184714.0
007 tu
008 130410s2012 xx |||| | u00||u|pol c
020 |a 9788322620663 
035 |a (DE-599)HEB320418308 
035 |a (OCoLC)848265734 
040 |a DE-603  |b ger  |c DE-603  |d DE-603 
041 |a pol 
082 0 4 |8 1\u  |a 809  |q DE-101  |2 23/BSB 
085 |8 1\u  |b 809 
085 |8 1\u  |z 2  |s 438 
100 1 |a Rygielska, Małgorzata  |0 (DE-603)320418073 
245 0 0 |a Przyboś czyta Norwida  |c Małgorzata Rygielska 
250 |a Wyd. 1 
264 1 |a Katowice  |b Wydawn. Uniw. Śląskiego  |c 2012 
300 |a 186 S. 
490 1 |a Prace naukowe Uniwersytetu Śląskiego w Katowicach  |v 2922 : Studia o kulturze 
500 |a Literaturverz. S. [159] - 173 
600 1 7 |a Przyboś, Julian  |d 1901-1970  |0 (DE-588)118922904  |0 (DE-603)087263289  |2 gnd 
600 1 7 |a Norwid, Cyprian  |d 1821-1883  |0 (DE-588)118588753  |0 (DE-603)086929763  |2 gnd 
810 2 2 |a Uniwersytet Śląski  |t Prace naukowe Uniwersytetu Śla̜skiego w Katowicach  |v 2922  |w (DE-603)005325994  |w (DE-600)416777-6  |9 42922  |7 as 
924 0 |9 Mb 50  |a (DE-603)710240961  |b DE-Mb50  |c HES  |d c  |g 13.06281 
924 0 |9 Ds 123  |a (DE-603)673252388  |b DE-Ds123  |c HES  |d d  |g D 2 Nor/R 
924 0 |9 2080  |a (DE-603)104849750X  |b DE-2080  |c HES  |d d  |g /